Statistics for UEFA Champions League All-Time Greatest XI

Click here to take the quiz!

General Stats

  • This quiz has been taken 5,149 times
  • The average score is 9 of 11

Answer Stats

Position:Nationality:Appearances:Player:% Correct
ForwardPortugal114Cristiano Ronaldo
99%
ForwardArgentina97Lionel Messi
99%
GoalkeeperSpain149Iker Casillas
96%
MidfielderSpain149Xavi
90%
DefenderItaly135Paolo Maldini
89%
MidfielderFrance80Zinedine Zidane
84%
DefenderSpain115Carles Puyol
78%
DefenderBrazil120Roberto Carlos
76%
ForwardSpain142Raúl
75%
MidfielderNetherlands125Clarence Seedorf
46%
DefenderFrance75Marcel Desailly
44%

Score Distribution

Percentile by Number Answered

Percent of People with Each Score

Your Score History

You have not taken this quiz